Statistiken für Haltestellen des Eurocity-Emona

Klicken Sie hier um das Quiz zu spielen!

Allgemein

  • Dieses Quiz wurde 13 mal gespielt
  • Das Durchschnittsergebnis liegt bei 11 aus 25

Antwortstatistiken

#Station% Korrekt
ATWien Hbf
100%
ATWien Meidling
100%
ATGraz Hbf
92%
ITTrieste Centrale
85%
ATBruck an der Mur
69%
SILjubljana
69%
SIMaribor
69%
ATWiener Neustadt Hbf
69%
ATLeibnitz
62%
ATSpielfeld-Straß
62%
ATKapfenberg
54%
ATMürzzuschlag
54%
ATSemmering
46%
SICelje
23%
SIPostojna
23%
SIDivaca
15%
SILasko
15%
SIPragersko
15%
SISezana
15%
ITVilla Opicina
15%
SIZidani Most
15%
SILogatec
8%
SIPivka
8%
SITrbovlje
8%
SIZagorje
8%

Verteilung der Resultate

Perzentil nach korrekt beantworteten Fragen

Anzahl Personen mit jedem Resultat

Ihre Resultats-Entwicklung

Sie haben dieses Quiz noch nicht gespielt